| 000 | 00515nam a2200181Ia 4500 | ||
|---|---|---|---|
| 003 | GCL | ||
| 008 | 140319s9999 xx 000 0 eng d | ||
| 040 |
_aGCL / _cGCL |
||
| 082 | 0 | 4 |
_aREF _b443,2 _bC D |
| 100 | 1 | _aCORREARD,MARIE,GRUNDY,VALINE | |
| 245 | 1 | 0 |
_aTHE OXFORD HACHETTE CONCISE FRENCH DICTIONARY / _cCORREARD,MARIE,GRUNDY,VALINE |
| 260 |
_a[S.N] : _bOXFORD UNIVERSITY PRESS ، _c1995 |
||
| 300 | _a1442.P | ||
| 650 | 0 | 4 | _aDICTIONARIES |
| 650 | 0 | 4 | _aENGLISH |
| 650 | 0 | 4 | _aFRENCH ENGLISH |
| 942 |
_2ddc _cBK |
||
| 999 |
_c11335 _d11335 |
||